Tekken 1 Characters - Sudden Death - Statistics

General Stats
  • This quiz has been taken 76 times
  • The average score is 10 of 18
Answers on the Grid
Answers color-coded by a green-red scale on the quiz's grid according to % correct below.
Alex
Angel
Anna Williams
Armor King
Bruce Irvin
Bryan Fury
Chaolan Lee
Chun-Li
Devil
Doo-San Baek
Eddy Gordo
Forest Law
Ganryu
Dr. Geppetto Bosconovitch
Heihachi Mishima
Hwoarang
Jack
Jin Kazama
Jinpachi Mishima
Jinrei Wang
Julia Chang
Jun Kazama
Kazuya Mishima
King
Kuma
Kunimitsu
Leroy Smith
Marshall Law
Michelle Chang
Mokujin
Nina Williams
Ogre
Panda
Paul Phoenix
Prototype Jack
Roger
Tiger Jackson
Wulong Lei
Xiaoyu Ling
Yoshimitsu
 
Answer Stats
Answer % Correct
Playable in the PS version. Anna Williams
71%
Playable in all versions. Yoshimitsu
71%
Playable in the PS version. Armor King
62%
Playable in the PS version. Heihachi Mishima
62%
Playable in all versions. Jack
62%
Playable in all versions. Kazuya Mishima
62%
Playable in all versions. Michelle Chang
62%
Playable in all versions. Paul Phoenix
62%
Playable in the PS version. Chaolan Lee
57%
Playable in all versions. King
57%
Playable in the PS version. Kuma
57%
Playable in all versions. Nina Williams
57%
Playable in the PS version. Devil
52%
Playable in all versions. Marshall Law
52%
Playable in the PS version. Ganryu
48%
Playable in the PS version. Jinrei Wang
48%
Playable in the PS version. Kunimitsu
48%
Playable in the PS version. Prototype Jack
48%
No matching quizzes found
Score Distribution
Percent of People with Each Score
Percentile by Number Answered
Your Score History
You have not taken this quiz